Capoluoghi di Provincia della Spagna - Statistics

Statistiche generali
  • Questo quiz è stato fatto 21 volte
  • Il punteggio medio è 29 su 50
Statistiche sulle risposte
Comunità autonoma Capoluogo di provincia % Corretto
Comunità Valenciana Valencia
100%
Catalogna Barcellona
94%
Madrid Madrid
94%
Murcia Murcia
89%
Andalusia Siviglia
89%
Comunità Valenciana Alicante
83%
Paesi Baschi Bilbao
83%
Andalusia Granada
83%
Andalusia Malaga
83%
Isole Baleari Palma di Maiorca
83%
Andalusia Cordova
78%
Isole Canarie Las Palmas de Gran Canaria
78%
Isole Canarie Santa Cruz de Tenerife
78%
Navarra Pamplona
72%
Paesi Baschi San Sebastián
72%
Catalogna Tarragona
72%
Castiglia-La Mancia Toledo
72%
Castiglia-La Mancia Albacete
67%
Galizia La Coruña
67%
Asturie Oviedo
67%
Aragona Saragozza
67%
Castiglia e León Valladolid
67%
Andalusia Cadice
61%
Castiglia e León León
61%
Cantabria Santander
56%
Andalusia Almería
50%
Castiglia e León Avila
50%
Estremadura Cáceres
50%
Andalusia Huelva
50%
Castiglia e León Segovia
50%
Estremadura Badajoz
44%
Castiglia e León Burgos
44%
Catalogna Gerona
44%
Aragona Huesca
44%
Andalusia Jaén
44%
Castiglia e León Salamanca
44%
Paesi Baschi Vitoria
44%
Castiglia-La Mancia Ciudad Real
39%
Catalogna Lleida
39%
La Rioja Logroño
39%
Aragona Teruel
39%
Comunità Valenciana Castellón de la Plana
33%
Galizia Lugo
33%
Castiglia e León Palencia
33%
Castiglia e León Soria
33%
Castiglia e León Zamora
33%
Castiglia-La Mancia Cuenca
22%
Galizia Ourense
22%
Galizia Pontevedra
22%
Castiglia-La Mancia Guadalajara
17%
Nessun quiz corrispondente trovato
Distribuzione punteggi
Percentuale di utenti per punteggio
Percentile per numero di risposta
I tuoi punteggi nel tempo
Non hai fatto questo quiz